PISTAS ÁREA DE INSTRUÇÃO - Statistics

Estatísticas Gerais
  • Esse quiz foi jogado 1 250 vezes
  • A pontuação média é 15 de 19
Respostas no mapa
Respostas codificadas por cores de uma escala verde-vermelha no mapa do quiz de acordo com a % correta abaixo.
 
Estatísticas das Respostas
Resposta % Correto
Araras
91%
Tambaú
90%
Casa Branca
89%
Leme
86%
Vargem Grande do Sul
86%
Mococa
85%
Irmãos Ribeiro
83%
São João da Boa Vista
82%
Caiapó
81%
São José do Rio Pardo
81%
Laranjal
80%
Usina Cresciumal
78%
Abengoa
77%
Fazenda Amália
76%
Oriçanga
76%
Ademar Ribeiro
75%
Chifre
73%
Jacuba
71%
Fazenda do Retiro
63%
Nenhum quiz correspondente encontrado
Distribuição das Pontuações
Porcentagem de Pessoas com Cada Pontuação
Percentil de Números Respondidos
Sua Pontuação Histórica
Você não jogou esse quiz